000 00449nam a22001697a 4500
003 OSt
005 20140310182522.0
008 130812t xxu||||| |||| 00| 0 eng d
020 _a9780553213508
050 _aPZ 7
_b.D886 2003
100 _aDumas, Alexandre
_92867
245 _aThe count of Monte Cristo /
_cAlexandre Dumas
260 _aCanada :
_bBantam Books,
_cc2003.
300 _a531 p. :
_c17 cm.
942 _2lcc
_cSSLC
999 _c14037
_d14037